| 000 | 00390nam a22001817i 4500 | ||
|---|---|---|---|
| 001 | 3460 | ||
| 003 | OSt | ||
| 005 | 20170126082319.0 | ||
| 007 | tu | ||
| 008 | 161220s1997 xxu||||| |||| 00| 0 d | ||
| 024 | 7 |
_a3459 _2RID |
|
| 040 | _cOSt | ||
| 084 |
_a7.3 _2z |
||
| 100 | 1 | _aLeszynski, Stan | |
| 245 | 0 | 0 | _aAccess 97 - Expert Solutions |
| 260 |
_aIndianapolis, _c1997. |
||
| 300 |
_a1205 S. ; _c30cm. |
||
| 942 | _cB | ||
| 999 |
_c3410 _d3410 |
||